[Event "Titled Tuesday intern op 07th Jun Late"]
[Site "Chess.com INT"]
[Date "2022.06.07"]
[Round "9"]
[White "Mendez Fortes, Eduardo Jesus"]
[Black "Golubovskis, Maksims"]
[Result "0-1"]
[WhiteElo "2250"]
[BlackElo "2219"]
[PlyCount "110"]
[EventDate "2022.06.07"]
[EventType "swiss (blitz)"]
[EventRounds "11"]
[EventCountry "USA"]
[SourceTitle "CBM 208 Extra"]
[Source "ChessBase"]
[SourceDate "2022.07.31"]
[SourceVersion "1"]
[SourceVersionDate "2022.07.31"]
[SourceQuality "1"]

1. e4 c5 2. Nf3 Nc6 3. d4 cxd4 4. Nxd4 Nf6 5. Nc3 d6 6. Bg5 e6 7. Qd3 Be7 8. 0-0-0 a6 9. Nxc6 bxc6 10. f4 d5 11. e5 Nd7 12. Bxe7 Qxe7 13. g4 Rb8 14. h4 Qb4 15. b3 Qxf4+ 16. Kb1 Nxe5 17. Qe2 Nxg4 18. Rg1 h5 19. Bh3 Qf6 20. Rd3 Qxh4 21. Rf3 Qe7 22. Bxg4 hxg4 23. Rxg4 Rh1+ 24. Kb2 g6 25. Qe5 Rb4 26. Rg2 Rh5 27. Qg7 Qf8 28. Qf6 Qe7 29. Qg7 e5 30. Rxg6 Be6 31. Rg1 Rf5 32. Rh3 Kd7 33. Rh8 d4 34. Ne4 Bd5 35. Qg8 Bxe4 36. Qc8+ Kd6 37. Rd8+ Kc5 38. a3 Rb6 39. Re1 Rf4 40. Qh3 Qxd8 41. b4+ Rxb4+ 42. axb4+ Kxb4 43. Qa3+ Kb5 44. Rb1 c5 45. Kc1+ Kc6 46. Qxa6+ Kd5 47. Qb7+ Ke6 48. Rb6+ Kf5 49. Qxf7+ Kg4 50. Qg7+ Qg5 51. Qd7+ Bf5 52. Qe8 Rf1+ 53. Kb2 Qc1+ 54. Kb3 Qxc2+ 55. Ka3 Ra1# 0-1

[Event "Titled Tuesday intern op 07th Jun Early"]
[Site "Chess.com INT"]
[Date "2022.06.07"]
[Round "7"]
[White "Vinod, R Sharna"]
[Black "Golubovskis, Maksims"]
[Result "1-0"]
[WhiteElo "2173"]
[BlackElo "2219"]
[PlyCount "46"]
[EventDate "2022.06.07"]
[EventType "swiss (blitz)"]
[EventRounds "11"]
[EventCountry "USA"]
[SourceTitle "CBM 208 Extra"]
[Source "ChessBase"]
[SourceDate "2022.07.31"]
[SourceVersion "1"]
[SourceVersionDate "2022.07.31"]
[SourceQuality "1"]

1. e4 c5 2. Nf3 Nf6 3. Nc3 d5 4. e5 d4 5. exf6 dxc3 6. Bb5+ Bd7 7. fxg7 cxd2+ 8. Qxd2 Bxg7 9. a4 0-0 10. Qg5 e5 11. Qg3 Qf6 12. 0-0 e4 13. Ng5 Bf5 14. f3 exf3 15. Qxf3 Qd4+ 16. Kh1 Bg4 17. Qxb7 Nd7 18. c3 Qd6 19. Qe4 Nf6 20. Rxf6 Qd1+ 21. Bf1 Rfd8 22. Qxh7+ Kf8 23. Rxf7+ Ke8 1-0

[Event "Titled Tuesday intern op 31st May Late"]
[Site "Chess.com INT"]
[Date "2022.05.31"]
[Round "2"]
[White "Golubovskis, Maksims"]
[Black "Bringas Gomez, Artai"]
[Result "0-1"]
[WhiteElo "2187"]
[BlackElo "2203"]
[PlyCount "68"]
[EventDate "2022.05.31"]
[EventType "swiss (blitz)"]
[EventRounds "11"]
[EventCountry "USA"]
[SourceTitle "CBM 208 Extra"]
[Source "ChessBase"]
[SourceDate "2022.07.31"]
[SourceVersion "1"]
[SourceVersionDate "2022.07.31"]
[SourceQuality "1"]

1. e4 c5 2. Nf3 d6 3. d4 cxd4 4. Nxd4 Nf6 5. f3 g6 6. c4 Bg7 7. Nc3 0-0 8. Be3 Nc6 9. Be2 Bd7 10. 0-0 a6 11. Nd5 e6 12. Nc3 Qe7 13. Qd2 Rfd8 14. Rfd1 Nxd4 15. Bxd4 Bc6 16. Be3 Rac8 17. Rac1 Qf8 18. Bg5 h6 19. Bf4 d5 20. c5 dxe4 21. Bd6 Qe8 22. fxe4 Nxe4 23. Nxe4 Bxe4 24. Qe3 Qc6 25. Rd2 Bd5 26. a3 Qa4 27. Rdc2 Rxd6 28. cxd6 Rxc2 29. Rxc2 Qxc2 30. d7 Qc7 31. Qd2 Qxd7 32. Bc4 Qc6 33. Bd3 Bd4+ 34. Kf1 Bc4 0-1

[Event "Titled Tuesday intern op 31st May Late"]
[Site "Chess.com INT"]
[Date "2022.05.31"]
[Round "1"]
[White "Koellner, Ruben Gideon"]
[Black "Golubovskis, Maksims"]
[Result "1-0"]
[WhiteElo "2440"]
[BlackElo "2187"]
[PlyCount "47"]
[EventDate "2022.05.31"]
[EventType "swiss (blitz)"]
[EventRounds "11"]
[EventCountry "USA"]
[SourceTitle "CBM 208 Extra"]
[Source "ChessBase"]
[SourceDate "2022.07.31"]
[SourceVersion "1"]
[SourceVersionDate "2022.07.31"]
[SourceQuality "1"]

1. d4 Nf6 2. Bg5 e6 3. Nd2 c5 4. e3 d5 5. c3 h6 6. Bh4 Nbd7 7. f4 cxd4 8. cxd4 Qb6 9. Rb1 Bb4 10. Bd3 0-0 11. a3 Bd6 12. Ngf3 a5 13. 0-0 Ng4 14. Qe2 Qc7 15. h3 Ngf6 16. g4 b6 17. Rbc1 Qb8 18. Ne5 Bb7 19. Qg2 Rc8 20. Bxf6 Nxf6 21. Rxc8+ Qxc8 22. g5 Nd7 23. gxh6 Nxe5 24. Qxg7# 1-0

[Event "LAT-ch"]
[Site "Riga"]
[Date "2022.05.01"]
[Round "6"]
[White "Golubovskis, Maksims"]
[Black "Starostits, Ilmars"]
[Result "0-1"]
[WhiteElo "2187"]
[BlackElo "2427"]
[PlyCount "110"]
[EventDate "2022.04.27"]
[EventType "swiss"]
[EventRounds "9"]
[EventCountry "LAT"]
[SourceTitle "CBM 208 Extra"]
[Source "ChessBase"]
[SourceDate "2022.07.31"]
[SourceVersion "1"]
[SourceVersionDate "2022.07.31"]
[SourceQuality "1"]

1. e4 c6 2. d4 d5 3. e5 Bf5 4. Nf3 e6 5. Be2 Nd7 6. 0-0 Ne7 7. Nbd2 Bg6 8. Nb3 Nf5 9. a4 h5 10. a5 h4 11. h3 Bh5 12. c3 Be7 13. Re1 a6 14. Qc2 g5 15. Nh2 Bxe2 16. Qxe2 Qc7 17. Ng4 0-0-0 18. Nd2 c5 19. Nf3 Rhg8 20. b3 Kb8 21. Bd2 Rc8 22. Rec1 c4 23. b4 Qc6 24. Rcb1 Qb5 25. Ne1 Ka8 26. Nc2 Nb8 27. Na3 Qd7 28. Bc1 Nc6 29. Qd1 Na7 30. Qf3 Rg6 31. Nc2 Nb5 32. Bd2 Rf8 33. Re1 Ka7 34. Nce3 Nc7 35. Nxf5 exf5 36. Ne3 f4 37. Ng4 Qf5 38. Rad1 Rd8 39. Bc1 Kb8 40. Rd2 Re6 41. Rdd1 Qg6 42. Bd2 Nb5 43. Rc1 Qf5 44. Kf1 Rc6 45. Kg1 Ka8 46. Red1 Bxb4 47. cxb4 Nxd4 48. Qa3 Ne2+ 49. Kf1 Nxc1 50. Bxc1 d4 51. Qa4 c3 52. b5 axb5 53. Qxb5 d3 54. a6 Rxa6 55. Qb3 Qe4 0-1